UK housing worth nearly £3 trillion (Record no. 117161)

MARC details
000 -LEADER
fixed length control field 00981cam a2200217 4500
001 - CONTROL NUMBER
control field WB4013-08
008 - FIXED-LENGTH DATA ELEMENTS--GENERAL INFORMATION
fixed length control field 040401n2004 000 0 eng u
035 ## - SYSTEM CONTROL NUMBER
System control number (Sirsi) u125710
245 ## - TITLE STATEMENT
Title UK housing worth nearly £3 trillion
260 ## - PUBLICATION, DISTRIBUTION, ETC.
Date of publication, distribution, etc. 2004
490 ## - SERIES STATEMENT
Series statement Halifax Building Society Press Release
Volume/sequential designation 29 March 2004 (6)
520 ## - SUMMARY, ETC.
Summary, etc. Research by the Halifax Building Society shows that the value of UK private residential housing stock rose to nearly £3 trillion in 2003, nearly double the level five years ago. Ten years ago the stock was valued at around £1.1 trillion. All regions in the UK have seen at least an 85% increase in the value of their housing assets over the past 10 years, with Greater London rising the most (247%) and Scotland the least (87%).
590 ## - LOCAL NOTE (RLIN)
Local note WB
590 ## - LOCAL NOTE (RLIN)
Local note WB
650 ## - SUBJECT ADDED ENTRY--TOPICAL TERM
Topical term or geographic name entry element PRIVATE RESIDENCES
650 ## - SUBJECT ADDED ENTRY--TOPICAL TERM
Topical term or geographic name entry element HOUSING STOCK
650 ## - SUBJECT ADDED ENTRY--TOPICAL TERM
Topical term or geographic name entry element HOUSING STATISTICS
650 ## - SUBJECT ADDED ENTRY--TOPICAL TERM
Topical term or geographic name entry element HOUSE VALUES
690 ## - LOCAL SUBJECT ADDED ENTRY--TOPICAL TERM (OCLC, RLIN)
Topical term or geographic name as entry element HOUSING-HOUSE PRICES
942 ## - ADDED ENTRY ELEMENTS (KOHA)
Suppress in OPAC 0
Holdings
Withdrawn status Lost status Source of classification or shelving scheme Damaged status Not for loan Home library Current library Shelving location Date acquired Total Checkouts Full call number Barcode Date last seen Copy number Price effective from Koha item type
    Dewey Decimal Classification     London London News article 01/04/2004   WB4013-08 125710-1001 06/08/2019 1 06/08/2019 News article